Catalog

Record Details

Catalog Search



Still life with bread crumbs : a novel  Cover Image Book Book

Still life with bread crumbs : a novel / Anna Quindlen.

Quindlen, Anna, (author.).

Summary:

Moving to a small country cabin, a once world-famous photographer bonds with a local man and begins to see the world around her in new, deeper dimensions while evaluating second chances at love, career, and self-understanding.

Record details

  • ISBN: 9781400065752 (acid-free paper)
  • ISBN: 1400065755 (acid-free paper)
  • Physical Description: 252 pages ; 25 cm.
  • Edition: First edition.
  • Publisher: New York : Random House, [2014]
Subject: Women photographers > Fiction.
Life change events > Fiction.
Older women > Fiction.
Wilderness areas > Fiction.
Pastoral fiction.
Love stories.

Available copies

  • 1 of 1 copy available at scottsboropl.

Holds

  • 0 current holds with 1 total copy.
Show Only Available Copies
Location Call Number / Copy Notes Barcode Shelving Location Status Due Date
scottsboropl F Qui 32269000930027 Adult - Fiction Available -

LDR 01376cam a2200361 i 4500
001136532
003CONS
00520141023155329.0
008130425s2014 nyu 000 1 eng
010 . ‡a 2013015992
020 . ‡a9781400065752 (acid-free paper)
020 . ‡a1400065755 (acid-free paper)
035 . ‡a(CPomAG)LMN564204
05000. ‡aPS3567.U336 ‡bS75 2014
08200. ‡a813/.54 ‡223
1001 . ‡aQuindlen, Anna, ‡eauthor.
24510. ‡aStill life with bread crumbs : ‡ba novel / ‡cAnna Quindlen.
250 . ‡aFirst edition.
264 1. ‡aNew York : ‡bRandom House, ‡c[2014]
300 . ‡a252 pages ; ‡c25 cm.
336 . ‡atext ‡2rdacontent
337 . ‡aunmediated ‡2rdamedia
338 . ‡avolume ‡2rdacarrier
520 . ‡aMoving to a small country cabin, a once world-famous photographer bonds with a local man and begins to see the world around her in new, deeper dimensions while evaluating second chances at love, career, and self-understanding.
650 0. ‡aWomen photographers ‡vFiction.
650 0. ‡aLife change events ‡vFiction.
650 0. ‡aOlder women ‡vFiction.
650 0. ‡aWilderness areas ‡vFiction.
650 0. ‡aPastoral fiction.
650 0. ‡aLove stories. ‡2gsafd
914 . ‡aSCP_jd ‡dNAC_cp
959 . ‡i32269000930027 ‡lF Qui ‡aAdult - Fiction ‡tFiction ‡g26.00
852 . ‡p32269000930027 ‡jF Qui ‡gAdult - Fiction ‡cFiction ‡y26.00 ‡bSBPL
901 . ‡a136532 ‡bUnknown ‡c136532 ‡tbiblio

Additional Resources